000 00682nam a22002177a 4500
003 UA-OsUOA
001 124268
007 ta
008 20170803b un ||||| |||| 00| 0 ukr d
100 _aЛежепьокова В. Г.
090 _a330(477)
_bЛ40
942 _cSA
040 _aUA-OsUOA
_bukr
_cUA-OsUOA
_dUA-OsUOA
245 _aЕлектроенергетика України у вимірі стратегічного партнерства з ЄС
300 _aС.29-34
955 _a0
041 _aukr
080 _a330(477)
773 0 _w124264
_tЕкономіка. Фінанси. Право.
_dК.
_d2017
_g6
650 7 _a330 Економіка взагалі
_2UDC
999 _c412239
_d412239